Communes du Cher par images satellites - Statistiques

Statistiques générales
  • Ce quiz a été pris 8 fois
  • Le résultat moyen est 8 sur 14
Statistiques - réponses
Par images Hint Réponse % Correct
Cité de Jacques Coeur Bourges
100%
La Cité des Ecossais, construite par les Stuarts Aubigny-sur-Nère
86%
Abrite une base aérienne Avord
86%
Village médiéval vigneron, au coeur d'un paysage de puys Sancerre
86%
Cité industrielle au coeur d'axes stratégiques Vierzon
86%
La Cité de Charles VII Mehun-sur-Yèvre
71%
Ville-banlieue de la préfecture St-Doulchard
71%
Moyenne ville du centre de la France, Abrite la célèbre abbaye de Noirlac St-Amand-Montrond
57%
Ville carrefour entre Berry, Nivernais et Bourbonnais Sancoins
43%
Bourg situé sur la route de Châteauroux St-Florent-sur-Cher
43%
Charmant village avec un château et une basilique Châteauneuf-sur-Cher
29%
Cité fortifiée du centre du Berry Dun-sur-Auron
14%
Ville construite en 1609 par le Duc de Sully, en l'honneur d'Henri IV Henrichemont
14%
Ville aux portes du Nivernais La Guerche-sur-l'Aubois
14%
Aucun quiz correspondant
Distribution des résultats
% des personnes avec chaque résultat
Percentile par nombre de réponses
Votre historique - résultats
Vous n’avez pas pris ce quiz